00951cam a2200169 a 4500020002500000020002200025020002500047020002200072041000800094082001300102100002500115245006200140260010500202300001900307505041000326650004500736 a9780281055364 (SPCK) a028105536X (SPCK) a9780801038808 (pbk.) a0801038804 (pbk.) aENG00a260bTWE1 aTwelftree, Graham H.10aPeople of the spirit :Exploring Luke's view of the Church aGrand Rapids, Mich. :bBaker Academic ;aLondon :bSociety for Promoting Christian Knowledge,c2009. axvii, 269 p. ;0 aThe issues -- Origins and purpose -- Jesus : the church modelled -- Salvation and the church -- The church as the people of God -- Luke's Pentecosts -- The spirit, tongues, and baptism -- Problems in the early church -- Worship -- Scripture and knowing God -- Experience and knowing God -- Early Catholic, Protestant, or charismatic? -- Mission : evangelism or social action or both? -- Listening to Luke. 0aChurch - Biblical TeachingaBible - Acts